| 000 | 00735nam a2200193 a 4500 | ||
|---|---|---|---|
| 008 | 071019s1997 ||||||||||||||||| || u | ||
| 020 | _a0821340271 | ||
| 050 | _aIBRD(06)LR/1997/1 | ||
| 100 | _aMody, Ashoka | ||
| 245 | 1 | 0 |
_aInfrastructure strategies in East Asia: the untold story _cedited by Ashoka Mody |
| 260 |
_aWashington, D. C.: _bWorld Bank _c1997 |
||
| 300 | _axxvii, 146p.: ill. | ||
| 350 | _a0.00 | ||
| 490 | _aEDI Learning Resources | ||
| 650 | _aINFRASTRUCTURE | ||
| 650 | _aINFRASTRUCTUR--ECONOMICS--EAST ASIA--CASE STUDIES | ||
| 710 | _aWorld Bank | ||
| 995 |
_D0.00 _FCBU-MAIN LIBRARY (Kitwe) _H1 _I0.00 _M1 _UAVAILABLE _WOct 19, 2007 _ZInternational Publications |
||
| 999 |
_c46956 _d46956 |
||